[Event "Heart of Finland op 29th"]
[Site "Jyvaskyla"]
[Date "2019.07.19"]
[Round "7"]
[White "Ahluwalia, Amardip"]
[Black "Sassi, Pekka"]
[Result "1-0"]
[WhiteElo "2216"]
[BlackElo "2018"]
[PlyCount "125"]
[EventDate "2019.07.15"]
[EventType "swiss"]
[EventRounds "9"]
[EventCountry "FIN"]
[SourceTitle "EXT 2021"]
[Source "ChessBase"]
[SourceDate "2020.10.23"]
[SourceVersion "1"]
[SourceVersionDate "2020.10.23"]
[SourceQuality "1"]

1. c4 c5 2. g3 Nc6 3. Bg2 e6 4. Nc3 g6 5. a3 Bg7 6. Rb1 Nge7 7. b4 cxb4 8. axb4 d5 9. cxd5 exd5 10. b5 Ne5 11. Ba3 d4 12. Bxe7 Qxe7 13. Nd5 Qd8 14. b6 axb6 15. Nxb6 Ra7 16. Nxc8 Qxc8 17. Qb3 Nc6 18. Bd5 0-0 19. Nf3 Qd7 20. 0-0 Rd8 21. Bxc6 bxc6 22. d3 Re8 23. Rb2 Ra5 24. Qc4 Rb5 25. Rc2 Re6 26. Ra2 h6 27. Rfa1 Rb7 28. Qc5 Qd6 29. Ra8+ Kh7 30. Qxd6 Rxd6 31. R1a7 Rdd7 32. Rxb7 Rxb7 33. Rc8 Rb1+ 34. Kg2 Rc1 35. h4 Rc2 36. Kf1 Rc1+ 37. Kg2 Rc2 38. g4 Rxe2 39. Rxc6 Ra2 40. Rc1 Ra3 41. Rd1 Kg8 42. g5 hxg5 43. hxg5 Kf8 44. Kg3 Ke7 45. Kf4 Ra2 46. Rd2 Ra1 47. Ke4 f5+ 48. gxf6+ Bxf6 49. Rc2 Kd6 50. Nxd4 Bxd4 51. Kxd4 Ra4+ 52. Rc4 Ra5 53. Ke3 Re5+ 54. Re4 Rf5 55. Rg4 g5 56. d4 Ra5 57. Ke4 Ke6 58. Rg1 Rf5 59. f3 Rf4+ 60. Ke3 Rf5 61. Rc1 Ra5 62. Rc6+ Kd7 63. Rc5 1-0

[Event "Tampere TammerSh Spring op-A"]
[Site "Tampere"]
[Date "2019.04.20"]
[Round "2"]
[White "Sassi, Pekka"]
[Black "Salmelin, Aaro"]
[Result "1/2-1/2"]
[WhiteElo "2013"]
[BlackElo "2009"]
[PlyCount "83"]
[EventDate "2019.04.20"]
[EventType "swiss"]
[EventRounds "4"]
[EventCountry "FIN"]
[SourceTitle "EXT 2021"]
[Source "ChessBase"]
[SourceDate "2020.10.23"]
[SourceVersion "1"]
[SourceVersionDate "2020.10.23"]
[SourceQuality "1"]

1. c4 Nf6 2. g3 e5 3. Bg2 Bc5 4. Nc3 0-0 5. Nf3 Re8 6. Nxe5 Bxf2+ 7. Kxf2 Rxe5 8. Rf1 d6 9. Kg1 h6 10. d4 Re8 11. e4 Nc6 12. Be3 Bg4 13. Qd2 Bh5 14. Rae1 Bg6 15. Rf4 h5 16. Kh1 Qd7 17. Ref1 Rad8 18. Rxf6 gxf6 19. Nd5 Re6 20. Nxf6+ Rxf6 21. Rxf6 Re8 22. Rf4 Re7 23. Rh4 f5 24. exf5 Qxf5 25. Rf4 Qb1+ 26. Rf1 Qd3 27. Bd5+ Kh7 28. Re1 Nxd4 29. Qxd3 Bxd3 30. Bf2 Rxe1+ 31. Bxe1 c6 32. Bf7 Bg6 33. Bxg6+ Kxg6 34. Kg2 Kf5 35. Bc3 Ne6 36. Kf3 d5 37. cxd5 cxd5 38. Bd2 Nd4+ 39. Ke3 Ne6 40. Kf3 Nd4+ 41. Ke3 Ne6 42. Kf3 1/2-1/2

[Event "Tampere TammerSh Fall-B"]
[Site "Tampere"]
[Date "2018.10.13"]
[Round "2"]
[White "Granat, Simo"]
[Black "Sassi, Pekka"]
[Result "0-1"]
[WhiteElo "1951"]
[BlackElo "2006"]
[PlyCount "174"]
[EventDate "2018.10.13"]
[EventType "swiss"]
[EventRounds "4"]
[EventCountry "FIN"]
[SourceTitle "EXT 2021"]
[Source "ChessBase"]
[SourceDate "2020.10.23"]
[SourceVersion "1"]
[SourceVersionDate "2020.10.23"]
[SourceQuality "1"]

1. Nf3 c5 2. c4 Nc6 3. d4 cxd4 4. Nxd4 Nf6 5. Nc3 e6 6. Bg5 Bb4 7. e3 Qa5 8. Bxf6 Bxc3+ 9. bxc3 Qxc3+ 10. Ke2 gxf6 11. Nb5 Qxc4+ 12. Kf3 Ne5+ 13. Kg3 Rg8+ 14. Kh3 Qg4+ 15. Qxg4 Nxg4 16. Kg3 Nxe3+ 17. Kf3 Nd5 18. Bc4 Nb6 19. Bb3 Ke7 20. Rac1 a6 21. Nc7 Rb8 22. Rhe1 d6 23. a4 Rg5 24. Re4 Rc5 25. Rxc5 dxc5 26. a5 Nd7 27. Nd5+ Kd6 28. Ne3 Ne5+ 29. Ke2 Bd7 30. f4 Bb5+ 31. Kd2 Nc6 32. f5 Nd4 33. Bc4 Rg8 34. fxe6 fxe6 35. Rh4 Rg7 36. Rh6 Ke7 37. g3 Nf3+ 38. Kc3 Ne5 39. Bb3 Nf7 40. Rh5 f5 41. Bc2 Nd6 42. Ng2 Bc6 43. Nf4 Ne4+ 44. Bxe4 Bxe4 45. Rh6 Bd5 46. Nxd5+ exd5 47. Rb6 Ke8 48. Rf6 Rf7 49. Rd6 Rd7 50. Rf6 d4+ 51. Kd2 Rd5 52. Rb6 c4 53. Rxb7 Rxa5 54. Rxh7 Rb5 55. Rh4 Rd5 56. Rf4 Ke7 57. h4 Ke6 58. h5 Ke5 59. h6 Rd7 60. Rh4 Rh7 61. Rh1 a5 62. Rh5 Ke4 63. Rh4+ Kd5 64. Rh5 Ke6 65. Rh4 Ke5 66. Rh5 Kd6 67. Rh4 Kc5 68. Rh5 Kb4 69. Rh4 a4 70. g4 fxg4 71. Rxg4 Rxh6 72. Rxd4 Rh2+ 73. Kc1 Kc3 74. Rd1 a3 75. Kb1 Kb3 76. Rc1 Rg2 77. Rh1 a2+ 78. Ka1 Rc2 79. Rg1 c3 80. Rh1 Rd2 81. Rg1 Ka3 82. Rh1 Rb2 83. Rc1 Rb1+ 84. Rxb1 axb1Q+ 85. Kxb1 Kb3 86. Ka1 Kc2 87. Ka2 Kd1 0-1

[Event "Heart of Finland op 28th"]
[Site "Jyvaskyla"]
[Date "2018.07.19"]
[Round "5"]
[White "Alho, Sauli"]
[Black "Sassi, Pekka"]
[Result "1-0"]
[WhiteElo "2158"]
[BlackElo "2030"]
[PlyCount "113"]
[EventDate "2018.07.16"]
[EventType "swiss"]
[EventRounds "9"]
[EventCountry "FIN"]
[SourceTitle "EXT 2021"]
[Source "ChessBase"]
[SourceDate "2020.10.23"]
[SourceVersion "1"]
[SourceVersionDate "2020.10.23"]
[SourceQuality "1"]

1. e4 d5 2. exd5 Qxd5 3. Nc3 Qd8 4. d4 Nf6 5. Nf3 Bg4 6. Be2 e6 7. Bg5 c6 8. h3 Bxf3 9. Bxf3 Nbd7 10. 0-0 Qc7 11. Re1 Be7 12. Ne2 0-0 13. c4 Rfd8 14. Nc3 Nf8 15. Qd2 h6 16. Bf4 Bd6 17. Bxd6 Rxd6 18. Qf4 Ng6 19. Qe3 Rad8 20. d5 exd5 21. cxd5 Qa5 22. dxc6 Rd3 23. c7 Qxc7 24. Qxa7 Ne5 25. Re3 Nxf3+ 26. Rxf3 Rxf3 27. gxf3 Qc6 28. Qe3 Re8 29. Qd3 Qe6 30. f4 Qc6 31. Rd1 Qe6 32. Qf3 Qb6 33. b3 Qa5 34. a4 Qb6 35. Nd5 Nxd5 36. Qxd5 Qb4 37. Qb5 Qe4 38. Qd5 Qb4 39. Kf1 Re4 40. f5 Rf4 41. Rd3 b6 42. Qa8+ Kh7 43. Qd5 Kg8 44. Re3 Qd4 45. Qxd4 Rxd4 46. Ke2 Kf8 47. Re5 Rb4 48. Rb5 Rxb5 49. axb5 Ke7 50. Kd3 Kd6 51. Ke4 g5 52. fxg6 fxg6 53. h4 Ke6 54. f4 Kd6 55. f5 g5 56. hxg5 hxg5 57. Kf3 1-0

[Event "Hameenlinna We HamSK"]
[Site "Hameenlinna"]
[Date "2018.06.09"]
[Round "3"]
[White "Piho, Juha"]
[Black "Sassi, Pekka"]
[Result "0-1"]
[WhiteElo "1898"]
[BlackElo "2029"]
[PlyCount "146"]
[EventDate "2018.06.21"]
[EventType "swiss"]
[EventRounds "4"]
[EventCountry "FIN"]
[SourceTitle "EXT 2022"]
[Source "ChessBase"]
[SourceDate "2021.10.06"]
[SourceVersion "1"]
[SourceVersionDate "2021.10.06"]
[SourceQuality "1"]

1. e4 d6 2. d4 Nf6 3. Nc3 Nbd7 4. f4 e5 5. Nf3 exd4 6. Qxd4 c6 7. Be3 d5 8. exd5 Bc5 9. Qd3 Qe7 10. Kd2 Nxd5 11. Nxd5 cxd5 12. Bd4 0-0 13. Re1 Qd6 14. g3 Nf6 15. Bxc5 Qxc5 16. Qd4 Qa5+ 17. b4 Qa4 18. Bd3 Ne4+ 19. Kc1 Qxa2 20. Qb2 Qxb2+ 21. Kxb2 Nf2 22. Rhg1 Nxd3+ 23. cxd3 Bf5 24. Re7 Bxd3 25. Rd1 Be4 26. Ng5 Rfe8 27. Rxb7 Rab8 28. Rxb8 Rxb8 29. Nxe4 dxe4 30. Kc3 Rc8+ 31. Kb3 Re8 32. f5 f6 33. Kc3 Rc8+ 34. Kb3 Rc7 35. Re1 Re7 36. Re3 g6 37. g4 gxf5 38. gxf5 Kf7 39. Kc4 Re5 40. Kd4 Rxf5 41. Ra3 Rb5 42. Rxa7+ Kg6 43. Kxe4 Rxb4+ 44. Kf3 Rb3+ 45. Kf2 h5 46. Ra8 Kf5 47. Rh8 Kg4 48. Rg8+ Kf4 49. Kg2 f5 50. Rh8 Kg4 51. Rg8+ Kf4 52. Rh8 Rb2+ 53. Kh3 Kf3 54. Rxh5 f4 55. Rg5 Rb3 56. Rf5 Rb8 57. Kh4 Rh8+ 58. Kg5 Rg8+ 59. Kh5 Ke4 60. Rf7 f3 61. h4 Ke3 62. Kh6 f2 63. Kh7 Rg4 64. h5 Rf4 65. Rxf4 Kxf4 66. Kg7 f1Q 67. h6 Qa1+ 68. Kg8 Qa2+ 69. Kg7 Qa7+ 70. Kf8 Qb8+ 71. Kg7 Qc7+ 72. Kf8 Qd8+ 73. Kg7 Qg5+ 0-1

[Event "Tampere We TammerSh A"]
[Site "Tampere"]
[Date "2018.04.01"]
[Round "4"]
[White "Linden, Lari"]
[Black "Sassi, Pekka"]
[Result "1/2-1/2"]
[WhiteElo "2170"]
[BlackElo "2038"]
[PlyCount "68"]
[EventDate "2018.03.31"]
[EventType "swiss"]
[EventRounds "4"]
[EventCountry "FIN"]
[SourceTitle "EXT 2022"]
[Source "ChessBase"]
[SourceDate "2021.10.06"]
[SourceVersion "1"]
[SourceVersionDate "2021.10.06"]
[SourceQuality "1"]

1. d4 d5 2. c4 e5 3. dxe5 d4 4. a3 Nc6 5. Nf3 Nge7 6. b4 Ng6 7. Bb2 a5 8. b5 Ncxe5 9. Nxe5 Nxe5 10. Nd2 Be6 11. Qc2 c5 12. g3 Be7 13. Bg2 Qd7 14. 0-0 0-0 15. Rac1 d3 16. exd3 Nxd3 17. Rcd1 Nxb2 18. Qxb2 Bf6 19. Qc1 Qc7 20. Ne4 Bd4 21. Nc3 Bxc4 22. Nd5 Bxd5 23. Bxd5 Qb6 24. Bc4 Qf6 25. Rd3 Rae8 26. Kg2 Qe5 27. Rf3 Re7 28. Rd1 Kh8 29. Qc2 f5 30. Rd2 g6 31. Re2 Qd6 32. Rd3 Rfe8 33. Rdd2 b6 34. a4 Kg7 1/2-1/2

[Event "Tampere We TammerSh A"]
[Site "Tampere"]
[Date "2018.03.31"]
[Round "1"]
[White "Sassi, Pekka"]
[Black "Tuominen, Risto"]
[Result "0-1"]
[WhiteElo "2038"]
[BlackElo "2292"]
[PlyCount "114"]
[EventDate "2018.03.31"]
[EventType "swiss"]
[EventRounds "4"]
[EventCountry "FIN"]
[SourceTitle "EXT 2022"]
[Source "ChessBase"]
[SourceDate "2021.10.06"]
[SourceVersion "1"]
[SourceVersionDate "2021.10.06"]
[SourceQuality "1"]

1. c4 g6 2. g3 c5 3. Bg2 Bg7 4. Nc3 Nc6 5. a3 e6 6. Rb1 a5 7. e3 Nge7 8. Nge2 d5 9. d4 cxd4 10. exd4 dxc4 11. Qa4 0-0 12. 0-0 Nxd4 13. Nxd4 Bxd4 14. Nb5 Bd7 15. Qxc4 Rc8 16. Qe2 Bc6 17. Nxd4 Qxd4 18. Rd1 Qb6 19. Be3 Qb3 20. Rd3 Qa2 21. Qd1 Bxg2 22. Kxg2 Nf5 23. Bb6 a4 24. Ba5 Qc4 25. Bb4 Rfe8 26. Kg1 e5 27. Rc3 Qb5 28. Rxc8 Rxc8 29. Rc1 Re8 30. Rc5 Qb6 31. Qxa4 Qe6 32. Bc3 f6 33. Qe4 Re7 34. Qd5 Kf7 35. Kf1 Rd7 36. Qxe6+ Kxe6 37. Ke2 Nd6 38. Bb4 f5 39. Rc2 Nb5 40. Rc8 Nd4+ 41. Kf1 g5 42. Re8+ Kd5 43. h3 Ke4 44. Re7 Rd8 45. Bc3 Nf3 46. Ke2 h5 47. Re6 Rd5 48. Rb6 Ng1+ 49. Kf1 Nf3 50. Kg2 g4 51. Rb4+ Kd3 52. Rxb7 Ke2 53. hxg4 hxg4 54. Re7 e4 55. Rh7 Rd1 56. Rh1 Rxh1 57. Kxh1 Kxf2 0-1

[Event "Pori We PSY"]
[Site "Pori"]
[Date "2018.03.04"]
[Round "5"]
[White "Sassi, Pekka"]
[Black "Salykin, Alexandr"]
[Result "0-1"]
[WhiteElo "2039"]
[BlackElo "1965"]
[PlyCount "68"]
[EventDate "2018.03.17"]
[EventType "swiss"]
[EventRounds "5"]
[EventCountry "FIN"]
[SourceTitle "EXT 2022"]
[Source "ChessBase"]
[SourceDate "2021.10.06"]
[SourceVersion "1"]
[SourceVersionDate "2021.10.06"]
[SourceQuality "1"]

1. c4 g6 2. Nc3 Bg7 3. g3 e5 4. Bg2 d6 5. Rb1 a5 6. a3 c6 7. b4 axb4 8. axb4 Be6 9. Qb3 Ne7 10. e4 b5 11. d3 Nd7 12. Nf3 h6 13. Be3 Nb6 14. Nd2 0-0 15. 0-0 Rb8 16. Ra1 bxc4 17. dxc4 Nxc4 18. Nxc4 d5 19. exd5 cxd5 20. Bc5 dxc4 21. Qa3 Nf5 22. Rfd1 Nd4 23. Qa7 Qe8 24. Kf1 Bg4 25. Rd2 Qd7 26. Qxd7 Bxd7 27. Ra7 Be6 28. Rda2 Nb3 29. Bd6 Rb6 30. Ra8 Rxa8 31. Rxa8+ Kh7 32. Be7 e4 33. Nxe4 Bf5 34. Bf8 Bxe4 0-1

[Event "FIN-chT2 Gp4 1718"]
[Site "Finland"]
[Date "2017.10.21"]
[Round "2.2"]
[White "Arppi, Heikki"]
[Black "Sassi, Pekka"]
[Result "0-1"]
[WhiteElo "1944"]
[BlackElo "2018"]
[PlyCount "86"]
[EventDate "2017.09.11"]
[EventType "team-tourn"]
[EventRounds "7"]
[EventCountry "FIN"]
[SourceTitle "EXT 2020"]
[Source "ChessBase"]
[SourceDate "2019.10.17"]
[SourceVersion "1"]
[SourceVersionDate "2019.10.17"]
[SourceQuality "1"]
[WhiteTeam "Joensuu SK II"]
[BlackTeam "Oulu OSS"]
[WhiteTeamCountry "FIN"]
[BlackTeamCountry "FIN"]

1. e4 d6 2. d4 Nf6 3. Nc3 Nbd7 4. f4 e5 5. Nf3 exd4 6. Qxd4 c6 7. Be2 d5 8. exd5 Bc5 9. Qd3 0-0 10. Be3 Bxe3 11. Qxe3 Nxd5 12. Nxd5 cxd5 13. 0-0-0 Re8 14. Qd2 Nf6 15. Ne5 Bf5 16. g4 Be4 17. Rhe1 Rc8 18. Bd3 Bxd3 19. Qxd3 Qa5 20. Kb1 Nxg4 21. Re2 Nxe5 22. Rxe5 Rxe5 23. fxe5 Qc7 24. Re1 Qc5 25. c3 b5 26. Rd1 Rd8 27. Qd4 Qxd4 28. Rxd4 Kf8 29. Kc2 Ke7 30. Kd3 Ke6 31. Rg4 Rg8 32. Kd4 g5 33. Rg3 h5 34. h4 g4 35. b3 Rd8 36. Rg1 Rf8 37. a3 f5 38. exf6 Rxf6 39. Re1+ Kd6 40. Re2 Rf4+ 41. Kd3 Rf3+ 42. Re3 Rxe3+ 43. Kxe3 Ke5 0-1

[Event "Heart of Finland op 27th"]
[Site "Jyvaskyla"]
[Date "2017.07.22"]
[Round "8"]
[White "Ponnio, Toni"]
[Black "Sassi, Pekka"]
[Result "1/2-1/2"]
[WhiteElo "2109"]
[BlackElo "1996"]
[PlyCount "174"]
[EventDate "2017.07.17"]
[EventType "swiss"]
[EventRounds "9"]
[EventCountry "FIN"]
[SourceTitle "CBM 179 Extra"]
[Source "ChessBase"]
[SourceDate "2017.08.23"]
[SourceVersion "1"]
[SourceVersionDate "2017.08.23"]
[SourceQuality "1"]

1. d4 d5 2. Bf4 Nf6 3. e3 e6 4. Nf3 c5 5. c3 Nc6 6. Nbd2 cxd4 7. exd4 Nh5 8. Be3 Bd6 9. Ne5 g6 10. Bb5 Qc7 11. Qa4 0-0 12. Nxc6 bxc6 13. Be2 Nf4 14. Bxf4 Bxf4 15. g3 Bd6 16. 0-0 Bd7 17. Qd1 c5 18. dxc5 Bxc5 19. c4 Bc6 20. Nb3 Be7 21. cxd5 Bxd5 22. Bf3 Rfd8 23. Bxd5 Rxd5 24. Rc1 Qb6 25. Qf3 Rb8 26. Rc2 a5 27. Nd2 Rf5 28. Qe4 Bc5 29. Nb3 Bf8 30. Nd4 Rd5 31. Nc6 Rb7 32. b3 Rc7 33. Rfc1 Bh6 34. Ne7+ Rxe7 35. Rc8+ Rd8 36. R1c6 Rxc8 37. Rxb6 Rec7 38. Rb7 Rc1+ 39. Kg2 Rf8 40. Rb5 Bd2 41. Qd4 Be1 42. Qe3 Rfc8 43. Rb8 Bb4 44. Qxc1 Rxb8 45. Qc7 Rb5 46. Qc8+ Kg7 47. Qc2 Rc5 48. Qb2+ Bc3 49. Qe2 Bb4 50. Qd1 h5 51. a3 Bc3 52. b4 axb4 53. axb4 Rd5 54. Qc2 Bd4 55. Qc6 Rf5 56. f3 Re5 57. Qc2 Re1 58. Qd2 Rg1+ 59. Kh3 e5 60. Qc2 Rf1 61. Kg2 Rg1+ 62. Kh3 Re1 63. b5 Re3 64. Kg2 Rc3 65. Qe4 Rb3 66. Qc6 Rb2+ 67. Kf1 Kh7 68. Qf6 Kg8 69. Qd8+ Kg7 70. Qd7 Rf2+ 71. Ke1 Rxf3 72. Qd5 Rf6 73. Kd1 Rb6 74. Ke2 Kf6 75. Qd8+ Kg7 76. Qd5 Rf6 77. Kd3 Re6 78. Qd7 Bg1 79. h3 Bf2 80. g4 hxg4 81. hxg4 Bc5 82. Ke4 Bd4 83. Qc7 Rf6 84. Qd7 Rb6 85. Qe8 Rd6 86. Qe7 Rb6 87. Qd7 Re6 1/2-1/2

[Event "Heart of Finland op 27th"]
[Site "Jyvaskyla"]
[Date "2017.07.20"]
[Round "6"]
[White "Iivonen, Markku"]
[Black "Sassi, Pekka"]
[Result "1/2-1/2"]
[WhiteElo "2054"]
[BlackElo "1996"]
[PlyCount "95"]
[EventDate "2017.07.17"]
[EventType "swiss"]
[EventRounds "9"]
[EventCountry "FIN"]
[SourceTitle "EXT 2022"]
[Source "ChessBase"]
[SourceDate "2021.10.06"]
[SourceVersion "1"]
[SourceVersionDate "2021.10.06"]
[SourceQuality "1"]

1. e4 d6 2. d4 Nf6 3. Nc3 Nbd7 4. f4 e5 5. Nf3 exd4 6. Qxd4 Be7 7. Be3 c6 8. e5 dxe5 9. fxe5 Bc5 10. Qd3 Ng4 11. Bxc5 Nxc5 12. Qxd8+ Kxd8 13. Rd1+ Ke7 14. h3 Ne3 15. Rd2 Bf5 16. Nd4 Bg6 17. Kf2 Nf5 18. b4 Nxd4 19. bxc5 Nxc2 20. Bc4 Rhd8 21. Rd6 Rxd6 22. exd6+ Kd7 23. Rb1 Rb8 24. Rb2 Nd4 25. Ke3 Ne6 26. Bxe6+ Kxe6 27. Kd4 Kd7 28. g4 b6 29. Re2 Re8 30. Rxe8 Kxe8 31. Na4 Kd7 32. cxb6 axb6 33. Nxb6+ Kxd6 34. Nc4+ Kc7 35. Kc5 f6 36. Nd6 Kd7 37. a4 Bd3 38. a5 g6 39. g5 f5 40. Nf7 Kc7 41. Ne5 Bb5 42. Nf3 Ba6 43. Nd4 Bb5 44. Ne6+ Kd7 45. Nf4 Kc7 46. Ne6+ Kd7 47. Nf4 Kc7 48. Ne6+ 1/2-1/2

[Event "Kuopio We KSY op"]
[Site "Kuopio"]
[Date "2017.04.30"]
[Round "5"]
[White "Mustonen, Tapani"]
[Black "Sassi, Pekka"]
[Result "1-0"]
[WhiteElo "1863"]
[BlackElo "1996"]
[PlyCount "35"]
[EventDate "2017.04.29"]
[EventType "swiss"]
[EventRounds "5"]
[EventCountry "FIN"]
[SourceTitle "EXT 2022"]
[Source "ChessBase"]
[SourceDate "2021.10.06"]
[SourceVersion "1"]
[SourceVersionDate "2021.10.06"]
[SourceQuality "1"]

1. d4 f5 2. e4 fxe4 3. Nc3 Nf6 4. Bg5 Nc6 5. f3 exf3 6. Nxf3 d5 7. Bb5 e6 8. Ne5 Bd7 9. 0-0 Be7 10. Bxf6 Bxf6 11. Qh5+ Ke7 12. Qf7+ Kd6 13. Ne4+ dxe4 14. Nc4+ Kd5 15. Rf5+ Be5 16. Nxe5 Nxe5 17. Bxd7 Kxd4 18. Rd1+ 1-0

[Event "Kuopio We KSY op"]
[Site "Kuopio"]
[Date "2017.04.30"]
[Round "4"]
[White "Sassi, Pekka"]
[Black "Eloranta, Kari"]
[Result "1/2-1/2"]
[WhiteElo "1996"]
[BlackElo "1999"]
[PlyCount "77"]
[EventDate "2017.04.29"]
[EventType "swiss"]
[EventRounds "5"]
[EventCountry "FIN"]
[SourceTitle "EXT 2022"]
[Source "ChessBase"]
[SourceDate "2021.10.06"]
[SourceVersion "1"]
[SourceVersionDate "2021.10.06"]
[SourceQuality "1"]

1. c4 c5 2. g3 Nc6 3. Bg2 g6 4. Nc3 Bg7 5. a3 a5 6. e4 d6 7. Nge2 e6 8. d3 Nge7 9. Be3 Nd4 10. Rb1 Nec6 11. 0-0 0-0 12. f4 f5 13. Bf2 Rb8 14. h3 Bd7 15. a4 e5 16. exf5 gxf5 17. Nd5 Nxe2+ 18. Qxe2 Nd4 19. Qd1 b6 20. Re1 Qe8 21. Bxd4 cxd4 22. b3 Kh8 23. Kh2 Rg8 24. Re2 Bc6 25. Qe1 Rb7 26. Qf2 Rf8 27. Rbe1 Bxd5 28. Bxd5 Re7 29. Qf3 Qg6 30. Rb1 Bf6 31. Bc6 Rg8 32. Bd5 Rge8 33. Rbe1 h5 34. h4 Rg7 35. Qf2 Kh7 36. Qf3 Kh6 37. Kh3 Kh7 38. Kh2 Kh6 39. Kh3 1/2-1/2

[Event "FIN-chT 1617"]
[Site "Finland"]
[Date "2017.03.12"]
[Round "11.6"]
[White "Anttila, Perttu"]
[Black "Sassi, Pekka"]
[Result "1-0"]
[WhiteElo "2178"]
[BlackElo "2005"]
[PlyCount "47"]
[EventDate "2016.09.17"]
[EventType "team-tourn"]
[EventRounds "11"]
[EventCountry "FIN"]
[SourceTitle "EXT 2018"]
[Source "ChessBase"]
[SourceDate "2017.10.13"]
[SourceVersion "1"]
[SourceVersionDate "2017.10.13"]
[SourceQuality "1"]
[WhiteTeam "Vantaa EtVaS"]
[BlackTeam "Oulu OSS"]
[WhiteTeamCountry "FIN"]
[BlackTeamCountry "FIN"]

1. e4 d5 2. exd5 Qxd5 3. Nc3 Qd8 4. d4 Nf6 5. Nf3 Bg4 6. Bc4 e6 7. h3 Bxf3 8. Qxf3 c6 9. Be3 Nbd7 10. 0-0-0 Bb4 11. Bg5 Bxc3 12. bxc3 Qa5 13. Bf4 Nd5 14. Rd3 N7b6 15. Bb3 Nxf4 16. Qxf4 0-0 17. Rg3 Qa3+ 18. Kb1 Rfd8 19. Qg5 Qf8 20. Re1 a5 21. a4 Nd5 22. Re4 Ne7 23. Rf3 Qe8 24. Rxf7 1-0

[Event "Heart of Finland op 26th"]
[Site "Jyvaskyla"]
[Date "2016.07.24"]
[Round "9"]
[White "Sassi, Pekka"]
[Black "Iivonen, Markku"]
[Result "1-0"]
[WhiteElo "1959"]
[BlackElo "2042"]
[PlyCount "119"]
[EventDate "2016.07.18"]
[EventType "swiss"]
[EventRounds "9"]
[EventCountry "FIN"]
[SourceTitle "EXT 2022"]
[Source "ChessBase"]
[SourceDate "2021.10.06"]
[SourceVersion "1"]
[SourceVersionDate "2021.10.06"]
[SourceQuality "1"]

1. c4 d6 2. d4 e5 3. Nc3 exd4 4. Qxd4 Nc6 5. Qd2 Nf6 6. b3 g6 7. Bb2 Bg7 8. g3 0-0 9. Bg2 Re8 10. Nf3 Bf5 11. 0-0 Qe7 12. Nh4 Be6 13. Nd5 Bxd5 14. cxd5 Ne5 15. Rac1 Rac8 16. Rfe1 Qd7 17. h3 Qd8 18. f4 Ned7 19. e4 b6 20. b4 Nh5 21. Kh2 Bxb2 22. Qxb2 Nxf4 23. Bf1 Nh5 24. Ba6 Rb8 25. Bb5 Re7 26. Nf3 Ne5 27. Nd4 Qf8 28. Qd2 a5 29. bxa5 bxa5 30. a4 Ng7 31. Qxa5 f5 32. Rf1 Qc8 33. exf5 gxf5 34. Qd2 Kh8 35. Qg5 Qf8 36. Rf2 Rf7 37. Rcf1 Rf6 38. Nxf5 Nxf5 39. Rxf5 Rxf5 40. Qxf5 Qxf5 41. Rxf5 Kg7 42. Rf2 Ra8 43. g4 Ng6 44. Kg3 Ne7 45. Rd2 Kf6 46. Kf4 h6 47. Ke4 Kg5 48. Rc2 Ra7 49. Rf2 Kg6 50. h4 Ra8 51. h5+ Kg7 52. Kd4 Ng8 53. Kc4 Nf6 54. Rf4 Kf7 55. Kb4 Ke7 56. Bc6 Rb8+ 57. Ka5 Rg8 58. Ka6 Nxg4 59. Kb7 Ne5 60. a5 1-0

[Event "Heart of Finland op 26th"]
[Site "Jyvaskyla"]
[Date "2016.07.21"]
[Round "6"]
[White "Ponnio, Toni"]
[Black "Sassi, Pekka"]
[Result "1/2-1/2"]
[WhiteElo "2095"]
[BlackElo "1959"]
[PlyCount "100"]
[EventDate "2016.07.18"]
[EventType "swiss"]
[EventRounds "9"]
[EventCountry "FIN"]
[SourceTitle "EXT 2022"]
[Source "ChessBase"]
[SourceDate "2021.10.06"]
[SourceVersion "1"]
[SourceVersionDate "2021.10.06"]
[SourceQuality "1"]

1. Nf3 e6 2. c4 f5 3. b3 Nf6 4. Bb2 b6 5. g3 Bb7 6. Bg2 Na6 7. 0-0 Be7 8. d3 0-0 9. Nc3 Qe8 10. e4 fxe4 11. Ng5 Nc5 12. Ngxe4 Rb8 13. Nxf6+ Bxf6 14. d4 Bxg2 15. Kxg2 Nb7 16. Ne4 Be7 17. d5 Nc5 18. Qg4 Qf7 19. Nxc5 Bxc5 20. dxe6 dxe6 21. Rad1 Rbe8 22. Be5 Re7 23. Rd3 Qf5 24. Qe2 Ref7 25. f4 g5 26. Rdf3 g4 27. Rd3 h5 28. Rfd1 Kh7 29. Rd7 c6 30. Qd3 Kg6 31. Rxf7 Rxf7 32. Kf1 Qxd3+ 33. Rxd3 Kf5 34. Ke2 Bg1 35. Rd1 Bxh2 36. Ke3 Bxg3 37. Rd8 h4 38. Rg8 Bxf4+ 39. Bxf4 g3 40. Rg5+ Kf6 41. Rh5 e5 42. Bxe5+ Ke6 43. Ke4 g2 44. Rh6+ Kd7 45. Bh2 Rf1 46. Rxh4 Rh1 47. Rh7+ Kc8 48. Rxa7 Rxh2 49. Rg7 g1Q 50. Rxg1 Rxa2 1/2-1/2

[Event "Kokkola We KokkSK"]
[Site "Kokkola"]
[Date "2016.03.19"]
[Round "1"]
[White "Marjusaari, Eero"]
[Black "Sassi, Pekka"]
[Result "1-0"]
[WhiteElo "2070"]
[BlackElo "1959"]
[PlyCount "69"]
[EventDate "2016.03.19"]
[EventType "swiss"]
[EventRounds "5"]
[EventCountry "FIN"]
[SourceTitle "EXT 2022"]
[Source "ChessBase"]
[SourceDate "2021.10.06"]
[SourceVersion "1"]
[SourceVersionDate "2021.10.06"]
[SourceQuality "1"]

1. e4 c5 2. Nc3 e6 3. f4 Nc6 4. Nf3 d5 5. Bb5 Nge7 6. exd5 exd5 7. Qe2 Bg4 8. Bxc6+ bxc6 9. 0-0 g6 10. Qe5 Rg8 11. b3 Bg7 12. Qg5 Bxf3 13. Rxf3 Nf5 14. Qxd8+ Kxd8 15. Bb2 Nd4 16. Rh3 Nxc2 17. Rc1 Nd4 18. Rxh7 Ne6 19. g3 Rh8 20. Rxg7 Nxg7 21. Nxd5 cxd5 22. Bxg7 Rg8 23. Bf6+ Kd7 24. Rxc5 Rgc8 25. Ra5 a6 26. Bc3 Ke6 27. Kf2 Re8 28. Kf3 Kd6 29. Bb4+ Kc6 30. Rc5+ Kd6 31. g4 Red8 32. h4 Ke6 33. Rc6+ Kd7 34. Rf6 a5 35. Rxf7+ 1-0

[Event "Raahe We RaahLi"]
[Site "Raahe"]
[Date "2015.11.01"]
[Round "5"]
[White "Sassi, Pekka"]
[Black "Skrjabin, Igor"]
[Result "1-0"]
[WhiteElo "1938"]
[BlackElo "2025"]
[PlyCount "85"]
[EventDate "2015.10.31"]
[EventType "swiss"]
[EventRounds "5"]
[EventCountry "FIN"]
[SourceTitle "EXT 2022"]
[Source "ChessBase"]
[SourceDate "2021.10.06"]
[SourceVersion "1"]
[SourceVersionDate "2021.10.06"]
[SourceQuality "1"]

1. c4 f5 2. Nf3 Nf6 3. g3 g6 4. Bg2 Bg7 5. 0-0 d6 6. d4 0-0 7. Nc3 c6 8. Qd3 Na6 9. a3 Qe8 10. e4 fxe4 11. Nxe4 Nc7 12. Re1 d5 13. Nd6 Qd8 14. Nxc8 Rxc8 15. c5 Ne4 16. Be3 e6 17. Bf4 Rxf4 18. gxf4 Bh6 19. Qe3 Qf6 20. Ng5 Nxg5 21. fxg5 Bxg5 22. Qd3 Rf8 23. Re2 Bh4 24. Rf1 Nb5 25. Rd2 Bg5 26. Rdd1 Bf4 27. a4 Nc7 28. Qh3 e5 29. dxe5 Bxe5 30. b4 Ne6 31. Kh1 Ng5 32. Qe3 d4 33. Qd3 Ne6 34. Qe4 Ng5 35. Qh4 Bf4 36. Rfe1 Rd8 37. Rd3 Qf5 38. Red1 Qe5 39. b5 Rf8 40. Rxd4 Qe2 41. Rd7 h5 42. bxc6 bxc6 43. Bxc6 1-0

[Event "Raahe We RaahLi"]
[Site "Raahe"]
[Date "2015.10.31"]
[Round "1"]
[White "Marjusaari, Eero"]
[Black "Sassi, Pekka"]
[Result "1-0"]
[WhiteElo "2092"]
[BlackElo "1938"]
[PlyCount "35"]
[EventDate "2015.10.31"]
[EventType "swiss"]
[EventRounds "5"]
[EventCountry "FIN"]
[SourceTitle "EXT 2022"]
[Source "ChessBase"]
[SourceDate "2021.10.06"]
[SourceVersion "1"]
[SourceVersionDate "2021.10.06"]
[SourceQuality "1"]

1. e4 d5 2. exd5 Nf6 3. Nf3 Qxd5 4. d4 Bg4 5. Be2 Nc6 6. c4 Qf5 7. 0-0 0-0-0 8. Be3 e5 9. d5 e4 10. Nfd2 Ne5 11. Nc3 Kb8 12. Qa4 a6 13. b4 Bxe2 14. Nxe2 Nf3+ 15. gxf3 exf3 16. Ng3 Qg4 17. Qd1 Bxb4 18. Qxf3 1-0